<?xml version="1.0" encoding="UTF-8"?><collection xmlns="info:lc/xmlns/marcxchange-v2"><record format="Unimarc" type="bibliographic"><leader>00708cam  2200229   450 </leader><controlfield tag="001">1865157</controlfield><controlfield tag="003">http://id.bnportugal.gov.pt/bib/porbase/1865157</controlfield><controlfield tag="005">20030529050700.0</controlfield><datafield ind1=" " ind2=" " tag="010"><subfield code="a">0-387-96115-1</subfield><subfield code="b">Encadernado</subfield></datafield><datafield ind1=" " ind2=" " tag="035"><subfield code="6">25808</subfield></datafield><datafield ind1=" " ind2=" " tag="095"><subfield code="a">PTBN00837292</subfield></datafield><datafield ind1=" " ind2=" " tag="100"><subfield code="a">19891017d1985    k  y0pory0103    ba</subfield></datafield><datafield ind1="0" ind2=" " tag="101"><subfield code="a">eng</subfield></datafield><datafield ind1=" " ind2=" " tag="102"><subfield code="a">US</subfield></datafield><datafield ind1="1" ind2=" " tag="200"><subfield code="a">Toposes, triples and theories</subfield><subfield code="f">Michael Barr, Charles Wells</subfield></datafield><datafield ind1=" " ind2=" " tag="210"><subfield code="a">New York</subfield><subfield code="c">Springer-Verlag</subfield><subfield code="d">cop. 1985</subfield></datafield><datafield ind1=" " ind2=" " tag="215"><subfield code="a">XIII, 345 p.</subfield><subfield code="c">il.</subfield><subfield code="d">25 cm</subfield></datafield><datafield ind1="2" ind2=" " tag="225"><subfield code="a">Grundlehren der mathematischen Wissenschsffen</subfield><subfield code="v">278</subfield></datafield><datafield ind1=" " ind2=" " tag="675"><subfield code="a">512.58</subfield><subfield code="v">int</subfield><subfield code="z">eng</subfield><subfield code="3">1381484</subfield></datafield><datafield ind1=" " ind2="1" tag="700"><subfield code="a">Barr</subfield><subfield code="b">Michael</subfield><subfield code="3">1430745</subfield></datafield><datafield ind1=" " ind2="1" tag="701"><subfield code="a">Wells</subfield><subfield code="b">Charles</subfield><subfield code="4">070</subfield><subfield code="3">1430746</subfield></datafield><datafield ind1=" " ind2="0" tag="801"><subfield code="a">PT</subfield><subfield code="b">BN</subfield><subfield code="g">RPC</subfield></datafield><datafield ind1=" " ind2=" " tag="977"><subfield code="1">BGUM 512.58</subfield><subfield code="2">coop</subfield><subfield code="4">UMSD</subfield><subfield code="6">mq1008588</subfield><subfield code="7">bc</subfield><subfield code="8">coop</subfield><subfield code="9">UMSD</subfield><subfield code="b">51759</subfield><subfield code="k">0</subfield></datafield><datafield ind1=" " ind2=" " tag="998"><subfield code="a">MSD4-153</subfield></datafield></record></collection>